| 000 | 00317 a2200121 4500 | ||
|---|---|---|---|
| 999 |
_c321810 _d321810 |
||
| 001 | 86737 | ||
| 003 | NUST | ||
| 005 | 20180123112215.0 | ||
| 008 | 180123b xxu||||| |||| 00| 0 eng d | ||
| 082 | _a891.4393 KHU | ||
| 100 |
_aKhushnat Singh _99596 |
||
| 245 |
_aSahib Kay Liye Dulhan Aur Deegar Afsanay _hUrdu |
||
| 260 |
_aLahore _bNigaar Shaat Publishers _c2010 |
||
| 300 | _a200p. | ||
| 942 |
_aCAE NUST _cBK _k891.4393 KHU _2ddc |
||